<?xml version="1.0" encoding="UTF-8"?>
<marc:record xmlns:marc="http://www.loc.gov/MARC21/slim">
   <marc:leader>00000nam a2200000 a 4500</marc:leader>
   <marc:datafield ind1=" " ind2=" " tag="653">
      <marc:subfield code="a">Spielen, Lernen</marc:subfield>
   </marc:datafield>
   <marc:datafield ind1="0" ind2="0" tag="245">
      <marc:subfield code="a">Tiptoi-Stift NEU</marc:subfield>
   </marc:datafield>
   <marc:datafield ind1=" " ind2="1" tag="264">
      <marc:subfield code="a">Ravensburg</marc:subfield>
      <marc:subfield code="b">Ravensburger Verlag GmbH</marc:subfield>
      <marc:subfield code="c">2022</marc:subfield>
   </marc:datafield>
   <marc:datafield ind1="1" ind2=" " tag="490">
      <marc:subfield code="a">Tiptoi</marc:subfield>
   </marc:datafield>
   <marc:datafield ind1="1" ind2=" " tag="520">
      <marc:subfield code="a">Ravensburger tiptoi Stift 00110 - Das audiodigitale Lern- und Kreativsystem, Lernspielzeug für Kinder ab 2 Jahren - Der Stift  tiptoi® Der Stift &#xD;
&#xD;
Der tiptoi-Stift macht Bücher und Spiele lebendig. Für noch mehr tiptoi-Spaß sorgt die überragende Audioqualität des Stiftes, mit dem die Kinder jetzt in ein noch intensiveres Hörerlebnis eintauchen - interaktiv und eigenständig. Dank der Stifthülle aus Soft-Grip-Material liegt der Stift gut in der Kinderhand. Der integrierte Akku bietet mehr Komfort. Der tiptoi-Stift der 4. Generation ist mit allen tiptoi-Produkten kompatibel (abgesehen von den CREATE Produkten).&#xD;
Spieleanleitung in DE.</marc:subfield>
   </marc:datafield>
   <marc:datafield ind1="3" ind2=" " tag="024">
      <marc:subfield code="a">4005556001101</marc:subfield>
   </marc:datafield>
   <marc:datafield ind1=" " ind2=" " tag="041">
      <marc:subfield code="a">ger</marc:subfield>
   </marc:datafield>
   <marc:datafield ind1="1" ind2=" " tag="521">
      <marc:subfield code="a">ab  2 Jahren</marc:subfield>
   </marc:datafield>
   <marc:datafield ind1=" " ind2=" " tag="338">
      <marc:subfield code="a">Gegenstand</marc:subfield>
   </marc:datafield>
   <marc:datafield ind1=" " ind2=" " tag="300">
      <marc:subfield code="a">1 tiptoi-Stift, 1 Ladekabel</marc:subfield>
   </marc:datafield>
</marc:record>
